000 01126nam a2200301 4500
001 83724
003 ES-MaACL
005 20240120124001.0
008 211220s1998 sp a 001 0 spa
020 _a84-08-46267-9
080 _a915.15(234 Everest)
100 1 _aCoburn, Broughton.
_9173873
245 1 0 _aEverest :
_bla montaña implacable /
_cBroughton Coburn ; introducción de Tim Cahill ; posfacio de David Breashears ; [traducción, Domingo Santos].
250 _a2ª ed.
260 _a[Barcelona] :
_bRBA :
_bPlaneta,
_c1998.
300 _a256 p. :
_bil. col., fot. ;
_c31 cm.
490 1 _aNuevos horizontes
500 _aÍndice.
594 _aEn port.: National Geographic Society
651 7 _aEverest (Monte)-
_xDescripción.
_9173874
710 2 _aNational Geographic Society.
_95972
830 1 _aNuevos horizontes
_9182562
852 4 _aES-MaACL
_jA-14797
_9 86806
_bR.152457
_cDEPO1
_dOlim: N-7797
_hDonacion: Amadeo Aláez
_xEncuadernación en cartoné
903 _919076
_aAláez Rojo, Amadeo
_ednr
942 _2udc
_cMONOGRAFIA
999 _c83724
_d83724